000 01798nam a2200337 a 4500
001 BRCA_2991
005 20190320204047.0
008 160109s1865----dk-#---###---#000-0#dan-u
041 _adan
044 _adk
084 _a314
_b.W63
_c1865
100 1 _aCervantes Saavedra, Miguel de
_d1547-1616
_9213
245 1 0 _aDen sindriige Adelsmand Don Quixote of la Manchas
_cLevnet og Bedrivter Af Miguel de Cervantes Saavedra.
260 _aKjobenhaun
_bFr. Woldikes
_c1865
300 _a2 v.
_bil.
_c20 cm.
500 _aContiene : v 1. Primera parte. Prólogo del autor. Versos preliminares. Texto. -- v 2. Segunda parte. Prólogo del autor. Texto
500 _aEdición : Oversat af Charlotta Dorothea Biehl. Anden Udgave, reivideret af F. L. Liebenberg. Med Billeder af Professor W. Marstrand
500 _aSegunda edición de la traducción danesa de Carlotta Dorothea Biehl, revisada por F. L. Liebenberg, e ilustrada con 21 láminas del Prof. W. Marstrand, litografiadas a dos tintas. Está irreprochablemente impresa en caracteres góticos y en buen papel. Las láminas son malas, tanto por la composición de las escenas como por la indumentaria de los personajes. Tela; lomos decorados con dorados Lúdovik Osterc
500 _aCon ex-libris de : Escudo
500 _aQM594
546 _aTexto en : danés
650 1 4 _aNovela española
_yÉpoca clásica, 1500-1700
_9215
650 1 4 _aLiteratura española
_yÉpoca clásica, 1500-1700
_9216
650 1 4 _aNovela española
_ySiglo XVII
_9217
650 1 4 _aDon Quijote (Personaje ficticio)
_eNovela
_9218
700 1 _aBiehl, Charlotta Dorothea
_d1731-1788
_eTraductor
_98278
700 1 _aMarstrand, Wilhelm
_d1810-1873
_eIlustrador
_98279
740 0 _aEl Ingenioso Hidalgo Don Quijote de la Mancha
902 _aQFM
942 _2lcc
_cB
999 _c2730
_d2730